000 00976nam0a22002651 4500
001 rc\912282
005 20260405175029.0
035 _a(NLR Aleph) 006086914
090 _a5130547
_c5130547
100 _a20041129d1982 |||y0rusy50 ca
101 0 _arus
102 _aRU
105 _ay |||||||||
200 1 _aАрабский Восток: выбор пути
_e(Вклад Азербайджана в сов.-араб. сотрудничество и решение пробл. национализации)
210 _aБаку
_cБ. и.
_d1982
215 _a40 с.
_d20
225 1 _aВ помощь лектору
_fО-во "Знание" АзССР
320 _aБиблиогр.: с. 40 (15 назв.)
700 1 _8rus
_7ca
_aАгаев
_bР. Г. оглы
_f1940-
_gРасим Гусейн оглы
_3RU\NLR\AUTH\7776177
_959105
801 0 _aRU
_bNLR
_gpsbo
801 1 _aRU
_bELAR
_2rusmarc
852 _aNLR
_j82-4/22136
942 _cBOOK
980 _aNB